[Event "Ch Romania (team)"]
[Site "masterchessopen.com Romania"]
[Round "0"]
[White "Danilov Ilie Vladimir (ROM)"]
[Black "Nevednichy Vladislav (ROM)"]
[Result "0-1"]
[WhiteElo "2295"]
[BlackElo "2480"]

1.d4 Nf6 2.c4 g6 3.Nf3 Bg7 4.g3 O-O 5.Bg2 d6 6.Nc3 Nc6 7.O-O a6 8.h3 Rb8 9.Be3
b5 10.Nd2 Bd7 11.Rc1 e6 12.b3 Ne7 13.f4 Nf5 14.Bf2 Nh5 15.Nde4 b4 16.g4 Nxf4
17.gxf5 exf5 18.Ng3 bxc3 19.Rxc3 Nxg2 20.Kxg2 Bc6+ 21.Kh2 f4 22.Nh1 Re8 23.Qd2
Qg5 24.Rg1 Qf5 25.Rcc1 Re4 26.Rg2 Rbe8 27.Bg1 R4e7 28.d5 Bd7 29.Bd4 Qxh3+
30.Kg1 Rxe2 {#R} 0-1

[Event "It (open)"]
[Site "masterchessopen.com Sarospatak (Hungary)"]
[Round "0"]
[White "Dovzik Juri (UKR)"]
[Black "Sinkovics Peter (HUN)"]
[Result "1-0"]
[WhiteElo "2380"]
[BlackElo "2415"]

1.d4 Nf6 2.Nf3 g6 3.g3 Bg7 4.Bg2 O-O 5.c4 d6 6.O-O Nc6 7.Nc3 a6 8.b3 Rb8 9.Bb2
b5 10.cxb5 axb5 11.d5 Na5 12.Nd4 b4 13.Nb1 Nxd5 14.Bxd5 c5 15.Nc6 Bxb2 16.Nxd8
Bxa1 17.Nc6 Nxc6 18.Bxc6 Bh3 19.Re1 Rb6 20.Bf3 Be6 21.Qc2 Rc8 22.Rd1 c4
23.bxc4 Rxc4 24.Qa4 Rc8 25.Nd2 Bg7 26.Nb3 Bf6 27.Kg2 Rc2 28.Bd5 Bxd5+ 29.Rxd5
Rxe2 30.Qa7 {#r} 1-0

[Event "Memorial Baharov (open)"]
[Site "masterchessopen.com Sofia (Bulgaria)"]
[Round "1"]
[White "Berovski Krum (BUL)"]
[Black "Todorov Todor (BUL)"]
[Result "0-1"]
[WhiteElo "2318"]
[BlackElo "2350"]

1.d4 Nf6 2.Nf3 g6 3.g3 Bg7 4.Bg2 O-O 5.O-O d6 6.c4 Nc6 7.Nc3 a6 8.Qc2 Re8
9.Rd1 Rb8 10.a4 a5 11.Bg5 h6 12.Bxf6 Bxf6 13.Qd2 Bg7 14.e4 Bg4 15.Ne2 Qc8
16.d5 Bxf3 17.Bxf3 Ne5 18.Nd4 c5 19.dxc6 bxc6 20.Be2 Rb4 21.Rdc1 c5 22.Nb5
Rxb2 23.Qe3 Qh3 24.Bf1 Qh5 25.h3 Nf3+ 26.Kg2 Nd4 27.g4 Qh4 28.Qg3 Qxg3+
29.Kxg3 Nb3 30.Rab1 Nxc1 {#R} 0-1

[Event "It \"]
[Site "masterchessopen.com USA"]
[Round "8"]
[White "Kaiser Dr Thomas (GER)"]
[Black "Shaked Tal (USA)"]
[Result "0-1"]
[WhiteElo "2261"]
[BlackElo "2430"]

1.d4 Nf6 2.Nf3 g6 3.g3 Bg7 4.Bg2 O-O 5.O-O d6 6.c4 Nc6 7.Nc3 a6 8.a3 Na5 9.Nd2
Nd7 10.e3 c5 11.Ne2 Rb8 12.b4 Nc6 13.b5 Na5 14.Rb1 Nb6 15.bxa6 bxa6 16.d5 Bf5
17.e4 Bd7 18.Bb2 Bxb2 19.Rxb2 Nbxc4 20.Ra2 Qb6 21.Re1 Nxd2 22.Qxd2 Nc4 23.Qc1
Qb3 24.Nc3 Ne5 25.Qe3 c4 26.f4 Nd3 27.Rc1 Nxc1 28.Qxc1 Qb6+ {#R} 0-1

[Event "It (open)"]
[Site "masterchessopen.com Werfen (Austria)"]
[Round "9"]
[White "Zupe Miran (SLO)"]
[Black "Klundt Klaus (GER)"]
[Result "0-1"]
[WhiteElo "2420"]
[BlackElo "2315"]

1.c4 Nf6 2.g3 g6 3.Bg2 Bg7 4.Nc3 O-O 5.Nf3 d6 6.d4 Nc6 7.O-O a6 8.h3 Rb8 9.a4
Na5 10.b3 c5 11.d5 Nxd5 12.cxd5 Bxc3 13.Bh6 Re8 14.Rc1 Bf6 15.Nd2 b5 16.axb5
Rxb5 17.Qc2 Qb6 18.Rb1 Bf5 19.e4 Bd7 20.Nc4 Nxc4 21.bxc4 Rb4 22.Bd2 a5 23.Rbc1
Bd4 24.Rcd1 Rb8 25.Bxb4 cxb4 {#R} 0-1

[Event "It (b)"]
[Site "masterchessopen.com Wijk aan Zee (Netherlands)"]
[Round "1"]
[White "Loeffler Stefan (GER)"]
[Black "Lane Gary W (AUS)"]
[Result "1-0"]
[WhiteElo "2415"]
[BlackElo "2400"]

1.d4 Nf6 2.Nf3 g6 3.c4 Bg7 4.g3 O-O 5.Bg2 d6 6.O-O Nc6 7.Nc3 a6 8.b3 Rb8 9.d5
Na5 10.Bd2 c5 11.a4 e5 12.e4 Ng4 13.h3 Nh6 14.Ng5 f6 15.Ne6 Bxe6 16.dxe6 Re8
17.f4 exf4 18.gxf4 Rxe6 19.f5 gxf5 20.Bxh6 fxe4 21.Qg4 Qd7 22.Nxe4 {#r} 1-0

[Event "Ch World (seniors)"]
[Site "masterchessopen.com Bad Liebenzell (Germany)"]
[Round "3"]
[White "Wilke Dieter Dr (GER)"]
[Black "Igney Volkhard (GER)"]
[Result "0-1"]
[WhiteElo "2124"]
[BlackElo "2235"]

1.Nf3 Nf6 2.d4 g6 3.g3 Bg7 4.Bg2 O-O 5.O-O d6 6.c4 Nc6 7.Nc3 a6 8.e4 Rb8 9.d5
Na5 10.Qd3 c5 11.Rb1 b5 12.Nd2 bxc4 13.Nxc4 Nxc4 14.Qxc4 Rb4 15.Qd3 Nd7 16.Qc2
a5 17.b3 Ba6 18.Rd1 Rb7 19.Bb2 Nb6 20.Ne2 Bxb2 21.Qxb2 a4 22.Qc2 Qa8 23.b4
cxb4 24.Rxb4 Rc8 25.Nc3 Nxd5 26.Rxb7 Nxc3 27.Rb2 {#R} 0-1

[Event "It (open) (active)"]
[Site "masterchessopen.com Barcelona (Spain)"]
[Round "1"]
[White "Felipo Pages Danilo (ESP)"]
[Black "Baches Garcia Guillermo (ESP)"]
[Result "0-1"]
[WhiteElo "1666"]
[BlackElo "2255"]

1.c4 Nf6 2.Nc3 g6 3.Nf3 Bg7 4.d4 O-O 5.g3 d6 6.Bg2 Nc6 7.O-O a6 8.a3 Rb8 9.e3
Bd7 10.Qe2 Qc8 11.b4 Bh3 12.Bb2 Bxg2 13.Kxg2 Qg4 14.Rh1 e5 15.h3 Qf5 16.d5 Ne7
17.e4 Qd7 18.Rac1 Bh6 19.Rc2 Nh5 20.h4 Bg7 21.Ng5 h6 22.Nf3 f5 23.exf5 Nxf5
24.Ne4 Rbe8 25.g4 Nf4+ {#R} 0-1

[Event "Ch Germany (seniors)"]
[Site "masterchessopen.com Germany"]
[Round "8"]
[White "Liebert Heinz (GER)"]
[Black "Igney Volkhard (GER)"]
[Result "1-0"]
[WhiteElo "2365"]
[BlackElo "2235"]

1.Nf3 Nf6 2.g3 g6 3.Bg2 Bg7 4.O-O O-O 5.c4 d6 6.Nc3 Nc6 7.d4 a6 8.Qd3 e5 9.d5
Nb4 10.Qd1 a5 11.a3 Na6 12.b4 Bd7 13.Rb1 Qc8 14.e4 Bh3 15.Qe2 h6 16.Rd1 Bxg2
17.Kxg2 Nh5 18.Nh4 Kh7 19.Nf5 Nf4+ 20.gxf4 gxf5 21.Qh5 exf4 22.Bxf4 fxe4
23.Nxe4 f6 24.Re1 Qd7 25.b5 Nb8 26.Ng3 b6 27.Nf5 Qf7 28.Qxf7 Rxf7 29.Re8 Rf8
30.Re7 {#r} 1-0

[Event "Oberliga East 1995/96"]
[Site "masterchessopen.com Germany"]
[Round "0"]
[White "Liebert Heinz (GER)"]
[Black "Jahnel Guenther (GER)"]
[Result "1-0"]
[WhiteElo "2365"]
[BlackElo "2344"]

1.c4 Nf6 2.Nf3 g6 3.Nc3 Bg7 4.g3 O-O 5.Bg2 d6 6.d4 Nc6 7.O-O a6 8.Qd3 Bg4 9.h3
Bxf3 10.Bxf3 Nd7 11.e3 e5 12.d5 Ne7 13.e4 f5 14.exf5 gxf5 15.Bg2 Ng6 16.Bd2
Qf6 17.Qc2 e4 18.Rab1 Nge5 19.Ne2 b5 20.cxb5 axb5 21.Nf4 Nc5 22.Be3 Nc4
23.Bxc5 dxc5 24.a4 c6 25.dxc6 Qxc6 26.axb5 Qxb5 27.Rfc1 Nb6 28.Bf1 Qd7 29.Qb3+
{#r} 1-0

[Event "Memorial Berze (open)"]
[Site "masterchessopen.com Godollo (Hungary)"]
[Round "0"]
[White "Honsch Pal (HUN)"]
[Black "Timar Zsolt (HUN)"]
[Result "1-0"]
[WhiteElo "2015"]
[BlackElo "2119"]

1.d4 Nf6 2.c4 g6 3.Nc3 Bg7 4.g3 O-O 5.Bg2 d6 6.Nf3 Nc6 7.O-O a6 8.Qc2 Rb8 9.h3
Na5 10.b3 c5 11.Rd1 cxd4 12.Nxd4 Qc7 13.Bg5 Be6 14.Nxe6 fxe6 15.Qd2 Nc6
16.Rac1 Ne5 17.e4 Nf7 18.Be3 Nd7 19.Kh2 h5 20.f4 h4 21.g4 Kh7 22.Qe1 Rh8
23.Qxh4+ Kg8 24.Qxe7 Bf6 25.Qxe6 {#r} 1-0

[Event "Ch NRW (juniors) (under 20)"]
[Site "masterchessopen.com Hiddenhausen (Germany)"]
[Round "0"]
[White "Jacob Gunnar (GER)"]
[Black "Meinhardt Maximilian (GER)"]
[Result "1-0"]
[WhiteElo "2314"]
[BlackElo "2391"]

1.c4 g6 2.Nf3 Bg7 3.d4 Nf6 4.g3 O-O 5.Bg2 d6 6.O-O Nc6 7.Nc3 a6 8.h3 Rb8 9.Be3
b5 10.cxb5 axb5 11.d5 Na5 12.Nd4 Bd7 13.Qd3 Nc4 14.Ncxb5 Nxe3 15.fxe3 Nh5
16.g4 Ng3 17.Rf3 Bxb5 18.Nxb5 Ne4 19.Nd4 Nc5 20.Qc2 Qd7 21.Rb1 e6 22.b4 Na4
23.dxe6 fxe6 24.Nc6 Nc3 25.Nxb8 Rxb8 26.Rb3 Nd5 27.Rf1 Rxb4 28.Bxd5 Rxg4+
29.hxg4 exd5 30.Rb8+ {#r} 1-0

[Event "Ch Slovakia"]
[Site "masterchessopen.com Martin (Slovakia)"]
[Round "6"]
[White "Koval Anton (SVK)"]
[Black "Kaniansky Miroslav (SVK)"]
[Result "1-0"]
[WhiteElo "2177"]
[BlackElo "2199"]

1.d4 Nf6 2.Nf3 g6 3.g3 Bg7 4.Bg2 O-O 5.c4 d6 6.O-O Nc6 7.Nc3 a6 8.h3 Rb8 9.e4
Nd7 10.Be3 b5 11.cxb5 axb5 12.Rc1 Na5 13.b3 b4 14.Na4 Ba6 15.Re1 Bb5 16.Nb2 c5
17.Bf1 Bc6 18.Qc2 Re8 19.Ba6 Bb7 20.Bxb7 Nxb7 21.Qd2 Qa5 22.Nc4 Qb5 23.Bh6 Ra8
24.Bxg7 Kxg7 25.e5 d5 26.Ne3 Nd8 27.Nxd5 Qc6 28.dxc5 e6 29.Nxb4 {#r} 1-0

[Event "Ch World (juniors) (under 20)"]
[Site "masterchessopen.com Medellin (Colombia)"]
[Round "2"]
[White "Vasilev Milen (BUL)"]
[Black "Larrea Manuel (URU)"]
[Result "1-0"]
[WhiteElo "2250"]
[BlackElo "2327"]

1.d4 Nf6 2.c4 g6 3.Nc3 Bg7 4.Nf3 O-O 5.g3 d6 6.Bg2 Nc6 7.O-O a6 8.e4 Rb8 9.d5
Na5 10.Qe2 c5 11.e5 Ne8 12.Bf4 Bf5 13.h3 h5 14.b3 Qd7 15.Ng5 dxe5 16.Bxe5 Bxe5
17.Qxe5 Nd6 18.Qe3 Rbc8 19.Rae1 Rc7 20.f3 Qd8 21.g4 hxg4 22.hxg4 Bc8 23.Nge4
Nxe4 24.Nxe4 Kg7 25.Qc3+ f6 26.Qxa5 Rh8 27.Qb6 {#r} 1-0

[Event "It (open)"]
[Site "masterchessopen.com Minsk (Belarus)"]
[Round "7"]
[White "Mochalov Evgeny V (BLR)"]
[Black "Slugin Sergey (RUS)"]
[Result "1-0"]
[WhiteElo "2465"]
[BlackElo "2290"]

1.d4 Nf6 2.c4 g6 3.g3 Bg7 4.Bg2 O-O 5.Nf3 d6 6.O-O Nc6 7.Nc3 a6 8.b3 Rb8 9.Nd5
b5 10.Nxf6+ Bxf6 11.Bh6 Re8 12.Rc1 bxc4 13.Rxc4 Na5 14.Rc1 Bd7 15.Qd2 c6 16.e4
Qb6 17.e5 Bg7 18.Rfe1 Nb7 19.Bxg7 Kxg7 20.Ng5 Nd8 21.exd6 exd6 22.Qf4 Qb4
23.Rxe8 Bxe8 24.Ne4 Ne6 25.Qf6+ Kg8 26.Qe7 Nxd4 27.Nf6+ Kg7 28.Nxe8+ {#r} 1-0

[Event "It (open) \"]
[Site "masterchessopen.com Pardubice (Czech Republic)"]
[Round "5"]
[White "Iljin Stanislav (UKR)"]
[Black "Dochev Dimitar (BUL)"]
[Result "0-1"]
[WhiteElo "2305"]
[BlackElo "2430"]

1.d4 Nf6 2.c4 g6 3.g3 Bg7 4.Bg2 O-O 5.Nc3 d6 6.Nf3 Nc6 7.O-O a6 8.h3 Bd7 9.e4
e5 10.b3 exd4 11.Nxd4 Nxd4 12.Qxd4 Nxe4 13.Qxe4 Bxc3 14.Bh6 Re8 15.Qxb7 Rb8
16.Qf3 Bxa1 17.Rxa1 Qe7 18.h4 Bc8 19.Bg5 Bb7 20.Qxb7 Qe5 21.Qxc7 Qxa1+ 22.Bf1
Qxa2 23.Qxd6 Qxb3 24.Qxa6 Re1 25.Kg2 Qd1 26.c5 Qd4 27.Kg1 Rbb1 {#R} 0-1

[Event "It (open)"]
[Site "masterchessopen.com Regensburg (Germany)"]
[Round "6"]
[White "Riediger Martin (GER)"]
[Black "Schenk Uwe Dr (GER)"]
[Result "1-0"]
[WhiteElo "2255"]
[BlackElo "2189"]

1.Nf3 Nf6 2.c4 g6 3.g3 Bg7 4.d4 O-O 5.Bg2 d6 6.O-O Nc6 7.Nc3 a6 8.d5 Na5 9.b3
Nxd5 10.Nxd5 c6 11.Nd4 cxd5 12.cxd5 e5 13.Nc2 f5 14.Bb2 Bd7 15.Rc1 Bh6 16.f4
Qb6+ 17.Kh1 Rac8 18.Ba1 Bg7 19.Qd2 Qd8 20.Ne3 b5 21.Rxc8 Bxc8 22.Rc1 Nb7 23.b4
Qb6 24.Rc6 Qa7 25.Rc7 a5 26.fxe5 Bh6 27.e6 Bxe3 28.Rg7+ Kh8 29.Rxg6+ {#r} 1-0

[Event "It (open)"]
[Site "masterchessopen.com Sarospatak (Hungary)"]
[Round "0"]
[White "Pejko Otomar (SVK)"]
[Black "Molnar Balazs (HUN)"]
[Result "1-0"]
[WhiteElo "2175"]
[BlackElo "2140"]

1.Nf3 Nf6 2.c4 g6 3.g3 Bg7 4.Bg2 O-O 5.O-O d6 6.d4 Nc6 7.Nc3 a6 8.h3 Rb8 9.e4
e5 10.Be3 exd4 11.Nxd4 Ne5 12.b3 c5 13.Nde2 Nc6 14.Qd2 b5 15.cxb5 axb5 16.Rad1
b4 17.Qxd6 Qe8 18.Nd5 Ba6 19.Qxf6 Bxe2 20.Qxc6 Qxc6 21.Ne7+ Kh8 22.Nxc6 Rb6
23.Ne7 Bxf1 24.Kxf1 Ra8 25.Bxc5 Rb5 26.Rd5 Bc3 {#r} 1-0

[Event "It (open)"]
[Site "masterchessopen.com Senigallia (Italy)"]
[Date "1996.05.21"]
[Round "3"]
[White "Bussoli Sauro (ITA)"]
[Black "Magalotti Andrea (ITA)"]
[Result "0-1"]
[WhiteElo "1844"]
[BlackElo "2135"]

1.d4 Nf6 2.c4 g6 3.Nc3 Bg7 4.g3 O-O 5.Bg2 d6 6.Nf3 Nc6 7.O-O a6 8.b3 Rb8 9.Bb2
Qe8 10.d5 Nd8 11.Qd2 e5 12.e4 Nh5 13.Ne1 f5 14.f3 Nf7 15.Nd3 Bh6 16.Qe2 Qe7
17.b4 Bd7 18.Kh1 f4 19.gxf4 Bxf4 20.Nxf4 Nxf4 21.Qd2 Ng5 22.Rf2 Nxg2 23.Kxg2
Bh3+ 24.Kh1 Rxf3 25.Rxf3 Nxf3 26.Qe3 Rf8 27.Qh6 Nh4 28.Rg1 Qf6 29.Qe3 Qf2
30.Ne2 Bg2+ {#R} 0-1

[Event "Staatsliga B West 1997/98"]
[Site "masterchessopen.com Austria"]
[Round "2"]
[White "Kranz Armin (AUT)"]
[Black "Zumtobel Thomas (AUT)"]
[Result "1-0"]
[WhiteElo "2100"]
[BlackElo "2164"]

1.d4 Nf6 2.Nf3 g6 3.c4 Bg7 4.g3 O-O 5.Bg2 d6 6.O-O Nc6 7.Nc3 a6 8.h3 Rb8 9.Be3
b5 10.Nd2 Bd7 11.Rc1 Na5 12.cxb5 axb5 13.b4 Nc4 14.Nxc4 bxc4 15.b5 e6 16.d5
exd5 17.a4 Qc8 18.Nxd5 Nxd5 19.Qxd5 Be6 20.Qc6 Ra8 21.Rxc4 Bxc4 22.Qxc4 Qd7
23.Bxa8 Rxa8 24.Rc1 Rc8 25.Kg2 Qe6 26.Qxe6 fxe6 27.Bb6 Ra8 28.Bxc7 Rxa4 29.Rb1
{#r} 1-0

[Event "Ch Hessen (MVT)"]
[Site "masterchessopen.com Bergen-Enkheim (Germany)"]
[Round "4"]
[White "Laschek Gerald (GER)"]
[Black "Fischer Roger (GER)"]
[Result "1-0"]
[WhiteElo "2140"]
[BlackElo "2113"]

1.d4 d6 2.c4 Nf6 3.Nc3 g6 4.g3 Bg7 5.Bg2 O-O 6.Nf3 Nc6 7.O-O a6 8.Re1 Rb8 9.e4
b5 10.cxb5 axb5 11.a3 Bg4 12.h3 Bxf3 13.Bxf3 e5 14.d5 Nd4 15.Bg2 b4 16.Ne2 Nd7
17.Nxd4 exd4 18.a4 Nc5 19.Bf1 Qc8 20.Qc2 c6 21.a5 Re8 22.Bf4 Qc7 23.Qxc5 dxc5
24.Bxc7 Rbc8 25.d6 {#r} 1-0

[Event "It (cat.3)"]
[Site "masterchessopen.com Budapest (Hungary)"]
[Round "4"]
[White "Lopushnoy Denis (RUS)"]
[Black "Toth Andras (HUN)"]
[Result "1-0"]
[WhiteElo "2385"]
[BlackElo "2280"]

1.Nf3 Nf6 2.g3 g6 3.Bg2 Bg7 4.O-O O-O 5.c4 d6 6.Nc3 Nc6 7.d4 a6 8.h3 Rb8 9.e4
b5 10.e5 Nd7 11.e6 fxe6 12.d5 bxc4 13.dxc6 Nc5 14.Qe2 Nd3 15.Ng5 Kh8 16.Nxe6
Bxe6 17.Qxe6 Nxb2 18.Bxb2 Rxb2 19.Rac1 Bd4 20.Nd1 Rxa2 21.Rxc4 Bf6 22.Ne3 a5
23.Nd5 a4 24.Rb4 Ra3 25.Rfb1 {#r} 1-0

[Event "It (open)"]
[Site "masterchessopen.com Caetano (Brazil)"]
[Round "6"]
[White "Hirota Da Silva Nilton (BRA)"]
[Black "Sunye Neto Jaime (BRA)"]
[Result "0-1"]
[WhiteElo "2056"]
[BlackElo "2500"]

1.Nf3 Nf6 2.d4 g6 3.g3 Bg7 4.Bg2 O-O 5.O-O d6 6.c4 Nc6 7.Nc3 a6 8.d5 Na5 9.Nd2
c5 10.dxc6 Nxc6 11.Rb1 Qa5 12.e3 Bg4 13.f3 Be6 14.Qe2 Rfc8 15.a3 Ne5 16.f4 Bg4
17.Bf3 Nxf3+ 18.Nxf3 Qc5 19.b3 b5 20.Kg2 Qh5 21.h4 Rab8 22.Bd2 bxc4 23.bxc4
Qc5 24.Rfc1 Rxb1 25.Nxb1 Be6 26.Bb4 Bxc4 27.Qe1 Bf1+ {#R} 0-1

[Event "It (open)"]
[Site "masterchessopen.com Chemnitz (Germany)"]
[Round "4"]
[White "Reilein Christian (GER)"]
[Black "Muench Ingo (GER)"]
[Result "0-1"]
[WhiteElo "2266"]
[BlackElo "2220"]

1.d4 Nf6 2.Nf3 g6 3.g3 Bg7 4.Bg2 O-O 5.O-O d6 6.c4 Nc6 7.Nc3 a6 8.b3 Rb8 9.Bb2
b5 10.Qc2 bxc4 11.bxc4 Be6 12.d5 Bf5 13.Qc1 Na5 14.Nd2 Bh6 15.e3 Bd3 16.c5
Bxf1 17.Bxf1 dxc5 18.Bxa6 Bg7 19.e4 c6 20.dxc6 Nxc6 21.Bb5 Ne5 {#R} 0-1

[Event "It (open)"]
[Site "masterchessopen.com Copenhagen (Denmark)"]
[Round "0"]
[White "Richardson John R (ENG)"]
[Black "Bekker-Jensen Simon (DEN)"]
[Result "1-0"]
[WhiteElo "2260"]
[BlackElo "2305"]

1.d4 Nf6 2.c4 g6 3.Nc3 Bg7 4.Nf3 O-O 5.g3 d6 6.Bg2 Nc6 7.O-O a6 8.h3 Rb8 9.e4
b5 10.e5 dxe5 11.dxe5 Qxd1 12.Rxd1 Nd7 13.e6 fxe6 14.cxb5 axb5 15.Be3 Nde5
16.Ng5 Nb4 17.Ba7 Rb6 18.Bxb6 cxb6 19.a3 Nbd3 20.Rd2 Nc5 21.Rad1 Nc4 22.Rd8
Nxb2 23.Rxf8+ Bxf8 24.Rd8 Bd7 25.Nge4 Nbd3 26.Nxc5 Nxc5 27.Ne4 Bc6 28.Nxc5
Bxg2 29.Nxe6 {#r} 1-0

[Event "Czech League 1996/97 (1st) (a)"]
[Site "masterchessopen.com Czech Republic"]
[Round "0"]
[White "Chochol Libor (CZE)"]
[Black "Sejkora Vlastimil (CZE)"]
[Result "0-1"]
[WhiteElo "2150"]
[BlackElo "2270"]

1.d4 Nf6 2.Nf3 g6 3.c4 Bg7 4.Nc3 d6 5.g3 O-O 6.Bg2 Nc6 7.O-O a6 8.h3 e5 9.e4
exd4 10.Nxd4 Nxd4 11.Qxd4 Be6 12.Qd3 Nd7 13.f4 Nc5 14.Qe2 f5 15.e5 dxe5 16.Rd1
Qf6 17.Nd5 Bxd5 18.Rxd5 exf4 19.Bxf4 Rae8 20.Qc2 c6 21.Rd2 Ne4 22.Bxe4 fxe4
23.Qb3 g5 24.Be3 Qf3 25.Kh2 Rd8 26.Rad1 Be5 27.Rg1 Rxd2+ 28.Bxd2 Qe2+ {#R} 0-1

[Event "It (open)"]
[Site "masterchessopen.com Dresden (Germany)"]
[Round "6"]
[White "Wolter Michael (GER)"]
[Black "Hoffmann Hans (GER)"]
[Result "0-1"]
[WhiteElo "2197"]
[BlackElo "2210"]

1.d4 Nf6 2.Nf3 g6 3.g3 Bg7 4.Bg2 O-O 5.O-O d6 6.c4 Nc6 7.Nc3 a6 8.h3 Rb8 9.Qc2
Nd7 10.d5 Na5 11.b3 c5 12.dxc6 bxc6 13.e4 c5 14.Re1 Nc6 15.Bb2 Nd4 16.Qd2
Nxf3+ 17.Bxf3 Ne5 18.Bg2 Bxh3 19.f4 Bxg2 20.Kxg2 Nc6 21.Rh1 Nd4 22.Rh3 f5
23.exf5 Rxf5 24.g4 Rf7 {#R} 0-1

[Event "Bundesliga 1997/98 (w)"]
[Site "masterchessopen.com Germany"]
[Round "0"]
[White "Bobrowska Monika (POL)"]
[Black "Kachiani-G Ketino (GER)"]
[Result "1-0"]
[WhiteElo "2438"]
[BlackElo "2415"]

1.Nf3 Nf6 2.c4 g6 3.Nc3 Bg7 4.g3 O-O 5.Bg2 d6 6.d4 Nc6 7.O-O a6 8.Re1 Bd7 9.e4
Bg4 10.Be3 e5 11.d5 Nd4 12.Bxd4 exd4 13.Qxd4 Nd7 14.Qe3 Qf6 15.Nd2 Nc5 16.h3
Bd7 17.Nf3 Rae8 18.Rad1 Qd8 19.Nd4 f5 20.f3 a5 21.Qd2 fxe4 22.Nxe4 Nxe4
23.Rxe4 Rxe4 24.fxe4 Qf6 25.b3 b6 26.Qe3 Qe5 27.Ne2 a4 28.b4 Qb2 29.a3 Qb3
30.Rd3 {#r} 1-0

[Event "It (open)"]
[Site "masterchessopen.com Goetzis (Austria)"]
[Round "3"]
[White "Kranz Armin (AUT)"]
[Black "Wohlfart Hubert (AUT)"]
[Result "1-0"]
[WhiteElo "2100"]
[BlackElo "2135"]

1.d4 Nf6 2.Nf3 g6 3.c4 Bg7 4.g3 O-O 5.Bg2 d6 6.O-O Nc6 7.Nc3 a6 8.h3 Rb8 9.a4
Na5 10.Qd3 c5 11.Rb1 d5 12.cxd5 c4 13.Qc2 b5 14.axb5 axb5 15.Bf4 Ra8 16.e4 b4
17.Na4 Ra7 18.Ne5 Ba6 19.Nc5 Bb5 20.Rfd1 Qc8 21.Qd2 c3 22.bxc3 bxc3 23.Qxc3
Bd7 24.Ra1 {#r} 1-0

[Event "It (open)"]
[Site "masterchessopen.com Mar del Plata (Argentina)"]
[Round "3"]
[White "Scarella Enrique (ARG)"]
[Black "Zarnicki Pablo (ARG)"]
[Result "0-1"]
[WhiteElo "2380"]
[BlackElo "2550"]

1.d4 Nf6 2.c4 g6 3.g3 Bg7 4.Bg2 O-O 5.Nc3 d6 6.Nf3 Nc6 7.O-O a6 8.h3 Rb8 9.Be3
Bd7 10.Rc1 b5 11.Nd2 e6 12.b3 Ne7 13.f4 Nf5 14.Bf2 Nh5 15.Nde4 b4 16.Nb1 d5
17.cxd5 exd5 18.Nc5 Nhxg3 19.Nxa6 Nxe2+ 20.Kh2 Nxc1 21.Nxb8 Qxb8 22.Qxc1 Bb5
23.Rd1 c6 24.a4 bxa3 25.Nxa3 Bh6 26.Qc3 Bxf4+ 27.Kh1 Bg3 {#R} 0-1

[Event "It (open)"]
[Site "masterchessopen.com Mislata (Spain)"]
[Round "5"]
[White "Blanco Sanjuan Jorge (ESP)"]
[Black "Vassallo Mauricio (ESP)"]
[Result "1-0"]
[WhiteElo "2119"]
[BlackElo "2390"]

1.d4 g6 2.c4 Bg7 3.Nc3 d6 4.g3 Nf6 5.Bg2 O-O 6.Nf3 Nc6 7.O-O a6 8.e4 Bg4 9.Be3
Nd7 10.Qd2 Bxf3 11.Bxf3 e5 12.dxe5 dxe5 13.Bg2 Nd4 14.f4 Nc5 15.b4 Nd7 16.Rab1
Nb6 17.c5 Nc4 18.Qc1 Nxe3 19.Qxe3 exf4 20.Qf2 f3 21.Bh3 Ne6 22.Rfd1 Bd4
23.Rxd4 Qxd4 24.Nd5 Qxf2+ 25.Kxf2 Ng5 26.Bf1 Nxe4+ {#r} 1-0

[Event "Ch World (team) (under 26)"]
[Site "masterchessopen.com Roque Saenz Pena (Argentina)"]
[Round "4"]
[White "Reis Paulo F J (BRA)"]
[Black "Irzhanov Ruslan (KAZ)"]
[Result "0-1"]
[WhiteElo "2301"]
[BlackElo "2535"]

1.d4 g6 2.Nf3 Bg7 3.c4 d6 4.g3 Nf6 5.Bg2 O-O 6.Nc3 Nc6 7.O-O a6 8.Re1 Rb8
9.Rb1 Bd7 10.e4 e5 11.h3 Nxd4 12.Nxd4 exd4 13.Ne2 c5 14.b4 b6 15.Nf4 Qe7 16.g4
h6 17.Nd3 Bc6 18.Bf4 Nd7 {#R} 0-1

[Event "Ch SJRP (juniors) (under 20)"]
[Site "masterchessopen.com Speyer (Germany)"]
[Round "4"]
[White "Bauer Maximilian"]
[Black "Scheske Andreas (GER)"]
[Result "0-1"]
[WhiteElo "1601"]
[BlackElo "2063"]

1.Nf3 Nf6 2.g3 g6 3.Bg2 Bg7 4.O-O O-O 5.d4 d6 6.c4 Nc6 7.Nc3 a6 8.e4 Bg4 9.Qd3
Nd7 10.Ne2 e5 11.Be3 Bxf3 12.Bxf3 exd4 13.Bxd4 Nde5 14.Bxe5 Nxe5 15.Qb3 Nxf3+
16.Qxf3 Qd7 17.Nc3 Rae8 18.Rac1 Qc6 19.Qd3 Bxc3 20.Rxc3 Qxe4 21.Qd1 Re6 22.b3
Rfe8 23.Re3 Qf5 24.Rxe6 Qxe6 25.a4 Qe4 26.Qd2 Re5 27.Rd1 Qf3 28.Qd3 Re1+ {#R}
0-1

[Event "Memorial M.Chigorin"]
[Site "masterchessopen.com St. Petersburg (Russia)"]
[Round "8"]
[White "Lopushnoy Denis (RUS)"]
[Black "Lobzhanidze Davit (GEO)"]
[Result "0-1"]
[WhiteElo "2385"]
[BlackElo "2515"]

1.Nf3 d6 2.d4 Nf6 3.g3 g6 4.Bg2 Bg7 5.O-O O-O 6.c4 a6 7.Nc3 Nc6 8.h3 Rb8 9.e4
b5 10.e5 Nd7 11.e6 fxe6 12.d5 Na5 13.cxb5 Nf6 14.Qa4 Nb7 15.Nd4 Nc5 16.Qd1
axb5 17.Nc6 Qe8 18.Nxb8 b4 19.dxe6 bxc3 20.Nc6 Nfe4 21.Nd4 Ba6 22.Be3 cxb2
23.Rb1 Bxf1 24.Qxf1 Bxd4 25.Bxd4 Nd2 26.Qd1 Nxb1 27.Qxb1 Qb5 28.Qxb2 Qxb2
29.Bxb2 Rb8 {#R} 0-1

[Event "It (open)"]
[Site "masterchessopen.com Zalakaros (Hungary)"]
[Round "1"]
[White "Almasi Istvan (HUN)"]
[Black "Tancsa Robert (HUN)"]
[Result "1-0"]
[WhiteElo "2430"]
[BlackElo "2233"]

1.Nf3 Nf6 2.c4 g6 3.g3 Bg7 4.Bg2 O-O 5.O-O d6 6.d4 Nc6 7.Nc3 a6 8.h3 Rb8 9.Be3
b5 10.Nd2 Na5 11.cxb5 axb5 12.b4 Nc4 13.Nxc4 bxc4 14.b5 d5 15.a4 e6 16.a5 Bd7
17.Qa4 Qe7 18.a6 Rb6 19.Bf4 Bc8 20.Qa5 Nh5 21.Be3 Bd7 22.Rfb1 Rfb8 23.Na4 Rxb5
24.Rxb5 Rxb5 25.Qxc7 {#r} 1-0

[Event "It (open)"]
[Site "masterchessopen.com Andorra"]
[Round "6"]
[White "Baburin Alexander (IRL)"]
[Black "Relange Eloi (FRA)"]
[Result "1-0"]
[WhiteElo "2590"]
[BlackElo "2490"]

1.d4 Nf6 2.c4 g6 3.Nf3 Bg7 4.g3 O-O 5.Bg2 d6 6.O-O Nc6 7.Nc3 a6 8.Bg5 h6 9.Bd2
e5 10.d5 Ne7 11.e4 Nh5 12.Ne1 Qe8 13.f4 exf4 14.gxf4 f5 15.e5 dxe5 16.fxe5
Bxe5 17.Bxh6 f4 18.Bxf8 Qxf8 19.Nf3 Bg7 20.d6 {#r} 1-0

[Event "Staatsliga B West 1997/98"]
[Site "masterchessopen.com Austria"]
[Round "8"]
[White "Bachmayr Peter (GER)"]
[Black "Mittelberger Peter (AUT)"]
[Result "1-0"]
[WhiteElo "2375"]
[BlackElo "2180"]

1.d4 g6 2.Nf3 Bg7 3.c4 Nf6 4.Nc3 O-O 5.g3 d6 6.Bg2 Nc6 7.O-O a6 8.h3 Rb8 9.e4
b5 10.e5 dxe5 11.dxe5 Qxd1 12.Rxd1 Nd7 13.cxb5 axb5 14.e6 fxe6 15.Bf4 Nde5
16.Nxe5 Nxe5 17.Rac1 Bb7 18.Ne4 Bd5 19.b3 Ra8 20.Ng5 Bxg2 21.Kxg2 Ra6 22.Rxc7
h6 23.Ne4 Rxa2 24.Rxe7 Re2 25.Rxg7+ Kxg7 26.Bxe5+ Kg8 27.Nf6+ Kg7 28.Nd7+ {#r}
1-0